00532nam a2200193 a 4500001001300000003000900013005001700022008004100039020000900080082001500089100002400104245006400128260004800192300000900240500003500249505001000284650002000294700002400314nice12345678IN_TiNIC20260116012405.0050524s1981 alia grp 000 0 urd  ac2500a297.2bGHA aGhazali, S Muhammad aAqidah-E-Islamib Ek Aftab Jo Baadlon Men Chup Kar Rah Gaya aAligarhbCrescent Publishing Company,c1981 a362p aincludes index and biblioraphy2 aIndex aIslam-Doctrines1 aGhazali, S Muhammad